'Brand X' Logos Quiz Stats

 Plays Quiz Updated May 30, 2013

Also try: Un-evolved Logos
Challenge
Share
Tweet
Score 0/20 Timer 05:00
0 Plays Today
Brand % Correct
Twix
98%
Netflix
95%
Xbox
92.5%
Exxon
86.4%
Kleenex
85.4%
Trix
82.6%
Lexus
69%
Kix
58.6%
Xerox
55.9%
Dos Equis (XX)
53.6%
Brand % Correct
Gas•X
53.5%
Dixie Cups
52.1%
Tampax
42.4%
Excedrin
38.7%
Pixy Stix
38.3%
Ex•Lax
28.5%
Matchbox Cars
24.7%
Axe
24.6%
Texas Instruments
18.5%
TurboTax
7.1%

You're not logged in!

Compare scores with friends on all Sporcle quizzes.
Join for Free
OR
Log In

You Might Also Like...

Show Comments

Extras

Top Quizzes Today


Score Distribution

Your Account Isn't Verified!

In order to create a playlist on Sporcle, you need to verify the email address you used during registration. Go to your Sporcle Settings to finish the process.

Report this User

Report this user for behavior that violates our Community Guidelines.

Details: